| 000 | 00909 a2200265 4500 | ||
|---|---|---|---|
| 001 | 200115869 | ||
| 999 |
_c200115869 _d2340 |
||
| 003 | TR-AnTOB | ||
| 005 | 20210921154816.0 | ||
| 008 | 130514s2012 tu 000 0 | ||
| 020 | _a9789756505229 | ||
| 040 | _aTR-AnTOB | ||
| 041 | _atur | ||
| 050 | 0 |
_aKKX1270 _b.Y37 2012 |
|
| 090 | _aKKX1270.Y37 2012 | ||
| 245 | 1 | 0 |
_aYargıtay'ın iş hukuku ve sosyal güvenlik hukuku kararlarının değerlendirilmesi 2010 / _cİş Hukuku ve Sosyal Güvenlik Derneği. |
| 264 | 1 |
_aAnkara : _bKAMU-İŞ, _c2011 |
|
| 300 |
_a613 p.; _c18 cm |
||
| 504 | _aIncludes bibliographical references. | ||
| 650 | 7 |
_aİş hukuku ve mevzuatı _zTürkiye _vKongreler _2 _934092 |
|
| 650 | 0 |
_aLabor laws and legislation _zTurkey _vCongresses _xTurkey _xCongresses _969193 |
|
| 710 |
_aİş Hukuku ve Sosyal Güvenlik Hukuku Derneği _980350 |
||
| 710 | 2 |
_aKamu-İş _991154 |
|
| 942 | _cBK | ||